00272nam a2200097Ia 4500008004100000082001200041100001800053245008500071260000900156300000900165190415s9999 xx 000 0 und d aRR.001; aRastogi, S.R. 0aEconomic development and population growth in Uttar Pradesh (with special refere c1974 a45p.